000 00244nmm a2200085Ia 4500
008 220120s9999||||xx |||||||||||||||||und||
100 _aPCQ-FEB-2009
_911081
245 0 _a13 Linux Destros, multilso live DVD 1.0 , whitex 0.2, RIP 7.
260 _c2009
999 _c139267
_d139267